Catalog

Record Details

Catalog Search



Kosmova kronika a předchozí tradice  Cover Image Book Book

Kosmova kronika a předchozí tradice / Oldřich Králík

Králík, Oldřich (Author).

Record details

  • Physical Description: 269 s.
  • Edition: Vydání první
  • Publisher: Praha Vyšehrad 1976

Available copies

  • 1 of 1 copy available at Common Catalog SPOK.

Holds

  • 0 current holds with 1 total copy.
Show All Copies
Location Call Number / Copy Notes Barcode Shelving Location Status Due Date
ETS Library 943.7022 424470011996 Volný výběr Available -

LDR 00649nam a2 00241
00137092
003CZ-PrJAB
00520100326000000.0
008100326s1976 xr e |||| |cze
009cz
035 . ‡a(CONS)5051
035 . ‡aKPS13319
040 . ‡aABG450
041 . ‡acze
08214. ‡a943.7022
100 . ‡77091 ‡aKrálík, Oldřich
245 . ‡aKosmova kronika a předchozí tradice / ‡cOldřich Králík
250 . ‡aVydání první
260 . ‡aPraha ‡bVyšehrad ‡c1976
300 . ‡a269 s.
653 . ‡aKosmova kronika a předchozí tradice
8524 . ‡bETS ‡bETS ‡cVolný výběr ‡j943.7022 ‡gA ‡p424470011996
910 . ‡aABG450
999 . ‡a5051 ‡bAUTOGEN ‡c5051 ‡tbiblio
905 . ‡uadmin
901 . ‡a37092 ‡b ‡c37092 ‡tbiblio ‡sets

Additional Resources